| 000 | 00847cam a22002531 4500 | ||
|---|---|---|---|
| 001 | gs 09000432 | ||
| 003 | DLC | ||
| 005 | 20260227111309.0 | ||
| 008 | 760210s1909 xx 000 0 eng | ||
| 010 | _ags 09000432 | ||
| 035 | _a(OCoLC)1981376 | ||
| 040 |
_aDLC _cIDeKN _dOCoLC _dDLC |
||
| 042 | _apremarc | ||
| 050 | 0 | 0 |
_aQE75 _b.B9 no. 391 |
| 100 | 1 |
_aKindle, E. M. _q(Edward Martin), _d1869-1940. |
|
| 245 | 1 | 8 |
_a... The Devonian fauna of the Ouray limestone, _cby E. M. Kindle ... |
| 260 |
_aWashington, _bGovt. print. off., _c1909. |
||
| 300 |
_a60 p. _bx pl. _c23 1/2 cm. |
||
| 490 | 0 | _aU.S. Geological survey. Bulletin 391 | |
| 500 | _aAt head of title: Department of the Interior. | ||
| 500 | _aIssued also as House doc. 1551, 60th Cong., 2d sess. | ||
| 650 | 0 |
_aPaleontology _zColorado _zOuray. |
|
| 650 | 0 |
_aPaleontology _yDevonian. |
|
| 999 |
_c24871 _d24871 |
||